Σύννεφα, βροχή και χιόνι
Αποθηκεύτηκε σε:
| Κύριος συγγραφέας: | |
|---|---|
| Μορφή: | Βιβλίο |
| Γλώσσα: | Greek |
| Δημοσίευση: |
Αθήναι :
Πεχλιβανίδης,
c1954.
|
| Σειρά: | Βιβλιοθήκη βασικής επιστημονικής μορφώσεως. Φύσις και ζωή (Πεχλιβανίδης)
|
| Θέματα: | |
| Ετικέτες: |
Προσθήκη ετικέτας
Δεν υπάρχουν, Καταχωρήστε ετικέτα πρώτοι!
|
MARC
| LEADER | 00000cam a2200000 i 4500 | ||
|---|---|---|---|
| 001 | 1/20892 | ||
| 008 | 930930s1954 gr | ||| |||| ||gre|| | ||
| 035 | |a 1989 |b 2 |c Δωρεά |l 10036150 | ||
| 040 | |a GR-MY-UA |b gre |e aacr | ||
| 041 | 0 | |a gre | |
| 082 | 7 | |a 551.57083 |2 (22) | |
| 100 | 1 | |a Parker, Bertha Morris. | |
| 245 | 1 | 0 | |a Σύννεφα, βροχή και χιόνι / |c της Βέρθας Μόρρις Πάρκερ ; ελληνική απόδοσις Στέλιου Παπαδάκη, Λαζ. Γαβαλά. |
| 260 | |a Αθήναι : |b Πεχλιβανίδης, |c c1954. | ||
| 300 | |a 36 σ. ; |c 21 εκ. | ||
| 490 | 1 | |a 9Βιβλιοθήκη βασικής επιστημονικής μορφώσεως. Φύσις και ζωή / Πεχλιβανίδης) | |
| 650 | 0 | 0 | |a Clouds |x Juvenile literature. |
| 650 | 0 | 0 | |a Rain and rainfall |x Juvenile literature. |
| 650 | 0 | 0 | |a Snow |x Juvenile literature. |
| 830 | 0 | |a Βιβλιοθήκη βασικής επιστημονικής μορφώσεως. |p Φύσις και ζωή (Πεχλιβανίδης) | |
| 852 | |a INST |b RHODES |e 19930930 |h 551.57083 PAR |p 005400003141 |q 005400003141 |t BK |y 0 | ||
| 909 | |a Ρ |b 014583 | ||
| 970 | |z 30/09/1993 | ||